000 00239 a2200109 4500
001 51067
040 _cAnchieta - Pituba
240 1 0 _aMarinheiros e Professores
_l
245 1 0 _aMarinheiros e Professores
650 4 _aEducação
942 _cMX
999 _c51067
_d51067